Statistiques concernant Reconstruction du royaume par Charles V

Cliquez ici pour prendre le quiz!

Statistiques générales

  • Ce quiz a été pris 6 fois
  • Le résultat moyen est 4 sur 9

Statistiques - réponses

QuestionsRéponses% Correct
Création du Franc1360
83%
Etats Généraux d'Amiens1363
67%
Bataille de Najera1367
67%
Bataille de Cocherel1364
50%
Guerre de Castille1366
50%
Du Gesclin nommé connetable de France1370
50%
Reconquête de Charles V1360
17%
Prise de Belleperche par les routiers1369-1370
17%
Bataille de Pontvallain1370
0%

Distribution des résultats

Percentile par nombre de réponses

% des personnes avec chaque résultat

Votre développement - résultats

Vous n’avez pas pris ce quiz